| 000 | 00606nam a22002057a 4500 | ||
|---|---|---|---|
| 999 |
_c8999 _d8999 |
||
| 003 | AR-CdUCM | ||
| 008 | 190327b ||||| |||| 00| 0 spa d | ||
| 040 |
_aMUNICIPALIDAD PROVINCIAL DEL CUSCO _cBIBLIOTECA MUNICIPAL DEL CUSCO |
||
| 082 |
_a869.338 / _bN43 |
||
| 100 |
_aNeruda, Pablo _92359 |
||
| 245 | _aCantos / | ||
| 260 |
_bHora del Hombre, _c1943. |
||
| 300 |
_a12 páginas ; _c27.5 cm. |
||
| 500 | _aContiene dedicatoria a Luis Nieto. | ||
| 650 |
_aPoesia Chilena _95520 |
||
| 650 |
_aPoesia Latinoamericana _92147 |
||
| 650 |
_aPoesia Sudamericana _924919 |
||
| 942 |
_2ddc _cLIBROS |
||
| 945 | _artm | ||